[Event "95th Caplin Hastings Congress"]
[Site "Hastings"]
[Date "2019.12.28"]
[Round "1.48"]
[White "Ortiz Sanchez, Luis"]
[Black "Cresswell, Mike J"]
[Result "1-0"]
[WhiteElo "1947"]
[BlackElo "1662"]
[Annotator "NA"]
[PlyCount "63"]
[EventDate "2019.12.28"]
[EventType "swiss"]
[EventCountry "ENG"]
[SourceTitle "playchess.com"]
[Source "ChessBase"]
[SourceQuality "1"]
[TimeControl "40/6600+30:3000+30"]

1. e4 {[%emt 0:10:10]} Nf6 {[%emt 0:09:38]} 2. e5 {[%emt 0:00:26]} Nd5 {[%emt 0:00:08]} 3. d4 {[%emt 0:00:33]} d6 {[%emt 0:00:09]} 4. Nf3 {[%emt 0:00:23]} Bg4 {[%emt 0:01:44]} 5. Be2 {[%emt 0:01:06]} e6 {[%emt 0:01:55]} 6. h3 {[%emt 0:01:09]} Bh5 {[%emt 0:01:12]} 7. O-O {[%emt 0:00:48]} Be7 {[%emt 0:01:03]} 8. exd6 {[%emt 0:02:16]} cxd6 {[%emt 0:01:18]} 9. c4 {[%emt 0:01:03]} Nf6 {[%emt 0:01:07]} 10. Nc3 {[%emt 0:02:01]} O-O {[%emt 0:02:34]} 11. d5 {[%emt 0:05:13]} e5 {[%emt 0:04:22]} 12. Be3 {[%emt 0:03:24]} Nbd7 {[%emt 0:05:18]} 13. Rc1 {[%emt 0:06:08]} a6 {[%emt 0:08:27]} 14. Nd2 {[%emt 0:01:40]} Bxe2 {[%emt 0:02:28]} 15. Qxe2 {[%emt 0:01:03]} Rc8 {[%emt 0:02:46]} 16. f4 {[%emt 0:01:25]} Re8 {[%emt 0:04:10]} 17. Qf2 {[%emt 0:04:06]} Nh5 {[%emt 0:04:33]} 18. Ne2 {[%emt 0:04:03]} Nxf4 {[%emt 0:07:34]} 19. Nxf4 {[%emt 0:02:50]} exf4 {[%emt 0:00:09]} 20. Bxf4 {[%emt 0:01:44]} Nf6 {[%emt 0:03:14]} 21. Kh1 {[%emt 0:08:31]} Qd7 {[%emt 0:03:37]} 22. b3 {[%emt 0:10:34]} Bf8 {[%emt 0:02:46]} 23. Qf3 {[%emt 0:03:28]} h6 {[%emt 0:03:37]} 24. Bxh6 {[%emt 0:08:10]} gxh6 {[%emt 0:00:24]} 25. Qxf6 {[%emt 0:00:04]} Re2 {[%emt 0:00:57]} 26. Rf2 {[%emt 0:03:21]} Rce8 {[%emt 0:02:11]} 27. Qf3 {[%emt 0:02:54]} Rxf2 {[%emt 0:01:41]} 28. Qxf2 {[%emt 0:00:07]} Re5 {[%emt 0:01:16]} 29. Nf3 {[%emt 0:01:33]} Re4 {[%emt 0:01:56]} 30. Rf1 {[%emt 0:03:10]} Qe7 {[%emt 0:03:53]} 31. Nd4 {[%emt 0:01:07]} Qe5 {[%emt 0:01:11]} 32. Qxf7+ {[%emt 0:02:22]} 1-0

[Event "95th Caplin Hastings Congress"]
[Site "Hastings"]
[Date "2019.12.28"]
[Round "1.49"]
[White "Kearsley, Raymond J"]
[Black "Barton, R Alan"]
[Result "0-1"]
[WhiteElo "1624"]
[BlackElo "1945"]
[Annotator "NA"]
[PlyCount "42"]
[EventDate "2019.12.28"]
[EventType "swiss"]
[EventCountry "ENG"]
[SourceTitle "playchess.com"]
[Source "ChessBase"]
[SourceQuality "1"]
[TimeControl "40/6600+30:3000+30"]

1. e4 {[%emt 0:10:50]} b6 {[%emt 0:10:07]} 2. d4 {[%emt 0:00:11]} Bb7 {[%emt 0:00:08]} 3. Nc3 {[%emt 0:00:15]} e6 {[%emt 0:00:25]} 4. Nf3 {[%emt 0:00:28]} Bb4 {[%emt 0:00:10]} 5. Bd3 {[%emt 0:00:07]} Nf6 {[%emt 0:01:29]} 6. Qe2 {[%emt 0:00:11]} d5 {[%emt 0:03:17]} 7. exd5 {[%emt 0:00:18]} Nxd5 {[%emt 0:01:31]} 8. Bd2 {[%emt 0:02:26]} Nxc3 {[%emt 0:03:58]} 9. bxc3 {[%emt 0:00:42]} Be7 {[%emt 0:00:05]} 10. O-O {[%emt 0:00:22]} Nd7 {[%emt 0:02:10]} 11. Rad1 {[%emt 0:01:05]} Bf6 {[%emt 0:05:30]} 12. Bf4 {[%emt 0:01:06]} O-O {[%emt 0:04:18]} 13. Ne5 {[%emt 0:06:46]} g6 {[%emt 0:06:04]} 14. Bb5 {[%emt 0:06:16]} Nb8 {[%emt 0:07:07]} 15. Rfe1 {[%emt 0:03:51]} Bg7 {[%emt 0:03:42]} 16. Qe3 {[%emt 0:05:05]} Qd5 {[%emt 0:09:10]} 17. Bf1 {[%emt 0:00:32]} Nc6 {[%emt 0:04:58]} 18. Bc4 {[%emt 0:05:07]} Qd8 {[%emt 0:05:01]} 19. Bh6 {[%emt 0:15:11]} Nxe5 {[%emt 0:03:22]} 20. dxe5 {[%emt 0:00:39]} Qh4 {[%emt 0:06:33]} 21. Bg5 {[%emt 0:03:35]} Qxc4 {[%emt 0:00:06]} 0-1

[Event "95th Caplin Hastings Congress"]
[Site "Hastings"]
[Date "2019.12.28"]
[Round "1.50"]
[White "Chapman, Matt"]
[Black "Mineev, Sergey I."]
[Result "1-0"]
[WhiteElo "1937"]
[BlackElo "1588"]
[Annotator "NA"]
[PlyCount "73"]
[EventDate "2019.12.28"]
[EventType "swiss"]
[EventCountry "ENG"]
[SourceTitle "playchess.com"]
[Source "ChessBase"]
[SourceQuality "1"]
[TimeControl "40/6600+30:3000+30"]

1. d4 {[%emt 0:09:40]} Nf6 {[%emt 0:09:37]} 2. Nf3 {[%emt 0:00:17]} g6 {[%emt 0:01:10]} 3. Bg5 {[%emt 0:00:32]} Bg7 {[%emt 0:02:12]} 4. Nbd2 {[%emt 0:00:22]} d6 {[%emt 0:03:06]} 5. e4 {[%emt 0:02:12]} Nc6 {[%emt 0:02:17]} 6. c3 {[%emt 0:01:49]} O-O {[%emt 0:04:50]} 7. Bb5 {[%emt 0:06:14]} Bd7 {[%emt 0:01:35]} 8. h3 {[%emt 0:03:58]} Qe8 {[%emt 0:06:56]} 9. Qe2 {[%emt 0:10:49]} h6 {[%emt 0:09:59]} 10. Bh4 {[%emt 0:06:54]} Nh5 {[%emt 0:02:34]} 11. O-O-O {[%emt 0:06:00]} Nf4 {[%emt 0:15:43]} 12. Qf1 {[%emt 0:00:23]} g5 {[%emt 0:13:59]} 13. Bg3 {[%emt 0:01:43]} Ng6 {[%emt 0:00:53]} 14. h4 {[%emt 0:11:42]} g4 {[%emt 0:02:27]} 15. h5 {[%emt 0:01:34]} gxf3 {[%emt 0:02:08]} 16. hxg6 {[%emt 0:00:09]} fxg2 {[%emt 0:00:43]} 17. gxf7+ {[%emt 0:04:11]} Qxf7 {[%emt 0:10:21]} 18. Qxg2 {[%emt 0:00:12]} Ne5 {[%emt 0:08:26]} 19. Bxe5 {[%emt 0:12:11]} Bxb5 {[%emt 0:00:06]} 20. Bxg7 {[%emt 0:01:01]} Qxg7 {[%emt 0:00:15]} 21. Qh2 {[%emt 0:04:17]} Kh7 {[%emt 0:00:26]} 22. Rdg1 {[%emt 0:01:46]} Qf6 {[%emt 0:00:35]} 23. Rg4 {[%emt 0:06:29]} Rg8 {[%emt 0:01:13]} 24. Rh4 {[%emt 0:06:00]} Rg6 {[%emt 0:00:27]} 25. f4 {[%emt 0:00:47]} Rag8 {[%emt 0:03:08]} 26. Nf3 {[%emt 0:01:43]} e6 {[%emt 0:06:21]} 27. f5 {[%emt 0:02:51]} exf5 {[%emt 0:01:12]} 28. exf5 {[%emt 0:00:10]} Qxf5 {[%emt 0:00:21]} 29. Rxh6+ {[%emt 0:00:12]} Kg7 {[%emt 0:00:16]} 30. Rxg6+ {[%emt 0:00:37]} Qxg6 {[%emt 0:00:18]} 31. Rg1 {[%emt 0:00:46]} Bd3 {[%emt 0:00:56]} 32. Rxg6+ {[%emt 0:00:29]} Bxg6 {[%emt 0:00:10]} 33. Nh4 {[%emt 0:02:16]} Be4 {[%emt 0:03:27]} 34. Qf4 {[%emt 0:00:56]} Re8 {[%emt 0:01:12]} 35. Nf5+ {[%emt 0:02:35]} Bxf5 {[%emt 0:00:37]} 36. Qxf5 {[%emt 0:00:06]} Re7 {[%emt 0:00:58]} 37. Qg4+ {[%emt 0:00:36]} 1-0

[Event "95th Caplin Hastings Congress"]
[Site "Hastings"]
[Date "2019.12.28"]
[Round "1.51"]
[White "Zheng, Jerry Z"]
[Black "Howell, Oliver W"]
[Result "1/2-1/2"]
[WhiteElo "1565"]
[BlackElo "1928"]
[Annotator "NA"]
[PlyCount "106"]
[EventDate "2019.12.28"]
[EventType "swiss"]
[EventCountry "ENG"]
[SourceTitle "playchess.com"]
[Source "ChessBase"]
[SourceQuality "1"]
[TimeControl "40/6600+30:3000+30"]

1. e4 {[%emt 0:09:32]} e6 {[%emt 0:09:35]} 2. d4 {[%emt 0:00:13]} d5 {[%emt 0:00:04]} 3. Nd2 {[%emt 0:00:14]} Nf6 {[%emt 0:00:17]} 4. e5 {[%emt 0:00:11]} Nfd7 {[%emt 0:00:04]} 5. Ngf3 {[%emt 0:00:21]} c5 {[%emt 0:00:34]} 6. c3 {[%emt 0:00:11]} Nc6 {[%emt 0:00:12]} 7. Bd3 {[%emt 0:00:17]} Qb6 {[%emt 0:03:09]} 8. O-O {[%emt 0:00:22]} cxd4 {[%emt 0:01:05]} 9. cxd4 {[%emt 0:00:20]} Nxd4 {[%emt 0:00:50]} 10. Nxd4 {[%emt 0:00:16]} Qxd4 {[%emt 0:00:10]} 11. Nf3 {[%emt 0:00:12]} Qb6 {[%emt 0:02:55]} 12. Qa4 {[%emt 0:01:01]} Be7 {[%emt 0:03:07]} 13. Qg4 {[%emt 0:06:04]} g6 {[%emt 0:02:47]} 14. h4 {[%emt 0:15:02]} Qb4 {[%emt 0:05:13]} 15. Qg3 {[%emt 0:02:37]} h5 {[%emt 0:02:17]} 16. Bf4 {[%emt 0:42:49]} Nc5 {[%emt 0:05:12]} 17. a3 {[%emt 0:02:38]} Qb3 {[%emt 0:05:04]} 18. Rfd1 {[%emt 0:13:53]} Nxd3 {[%emt 0:07:21]} 19. Nd4 {[%emt 0:00:17]} Qb6 {[%emt 0:03:30]} 20. Rxd3 {[%emt 0:03:47]} Bd7 {[%emt 0:04:05]} 21. Rc1 {[%emt 0:01:43]} O-O {[%emt 0:02:43]} 22. Be3 {[%emt 0:05:30]} Qa6 {[%emt 0:06:15]} 23. Rdc3 {[%emt 0:02:23]} Rfc8 {[%emt 0:03:02]} 24. Rc7 {[%emt 0:02:15]} Rd8 {[%emt 0:06:56]} 25. Nb3 {[%emt 0:03:54]} b6 {[%emt 0:06:03]} 26. Bg5 {[%emt 0:05:30]} Bxg5 {[%emt 0:02:03]} 27. Qxg5 {[%emt 0:00:09]} Qa4 {[%emt 0:03:22]} 28. R1c3 {[%emt 0:00:50]} Be8 {[%emt 0:06:47]} 29. Qe7 {[%emt 0:00:56]} Rd7 {[%emt 0:03:26]} 30. Rxd7 {[%emt 0:00:50]} Qxd7 {[%emt 0:01:57]} 31. Qxd7 {[%emt 0:00:12]} Bxd7 {[%emt 0:00:15]} 32. Rc7 {[%emt 0:13:19]} Bb5 {[%emt 0:13:16]} 33. Nd4 {[%emt 0:00:00]} Bd3 {[%emt 0:02:10]} 34. f4 {[%emt 0:00:00]} a6 {[%emt 0:01:29]} 35. Nc6 {[%emt 0:00:00]} Bb5 {[%emt 0:01:29]} 36. Nd4 {[%emt 0:00:00]} Bd3 {[%emt 0:01:18]} 37. Nc6 {[%emt 0:00:00]} a5 {[%emt 0:00:32]} 38. Rb7 {[%emt 0:00:00]} b5 {[%emt 0:01:11]} 39. Kf2 {[%emt 0:00:00]} Kf8 {[%emt 0:02:19]} 40. Ke3 {[%emt 0:00:00]} Bf1 {[%emt 0:00:34]} 41. Kf2 {[%emt 0:00:00]} Bc4 {[%emt 0:03:22]} 42. Nd4 {[%emt 0:07:03]} a4 {[%emt 0:05:43]} 43. Nxb5 {[%emt 0:02:01]} Bxb5 {[%emt 0:05:53]} 44. Rxb5 {[%emt 0:00:10]} Ra7 {[%emt 0:01:24]} 45. Rb4 {[%emt 0:01:52]} Ke7 {[%emt 0:00:17]} 46. Ke3 {[%emt 0:00:35]} Kd7 {[%emt 0:00:18]} 47. Kd4 {[%emt 0:01:16]} Kc6 {[%emt 0:01:11]} 48. Kc3 {[%emt 0:00:36]} Kc5 {[%emt 0:00:52]} 49. g3 {[%emt 0:00:46]} Kc6 {[%emt 0:02:13]} 50. b3 {[%emt 0:03:02]} axb3 {[%emt 0:01:08]} 51. Rxb3 {[%emt 0:03:33]} Kc5 {[%emt 0:00:43]} 52. Kb2 {[%emt 0:02:51]} Kc6 {[%emt 0:09:32]} 53. Rc3+ {[%emt 0:01:10]} Kb5 {[%emt 0:00:47]} 1/2-1/2

[Event "95th Caplin Hastings Congress"]
[Site "Hastings"]
[Date "2019.12.28"]
[Round "1.52"]
[White "Thorpe, Thomas"]
[Black "Dewangan, Aayush"]
[Result "1-0"]
[WhiteElo "1924"]
[BlackElo "1548"]
[Annotator "NA"]
[PlyCount "145"]
[EventDate "2019.12.28"]
[EventType "swiss"]
[EventCountry "ENG"]
[SourceTitle "playchess.com"]
[Source "ChessBase"]
[SourceQuality "1"]
[TimeControl "40/6600+30:3000+30"]

1. e4 {[%emt 0:09:33]} c5 {[%emt 0:09:59]} 2. Nc3 {[%emt 0:00:08]} d6 {[%emt 0:00:14]} 3. Bb5+ {[%emt 0:02:24]} Bd7 {[%emt 0:01:01]} 4. a4 {[%emt 0:01:09]} g6 {[%emt 0:02:24]} 5. f4 {[%emt 0:01:21]} Bg7 {[%emt 0:00:42]} 6. Nf3 {[%emt 0:00:13]} Nc6 {[%emt 0:00:55]} 7. O-O {[%emt 0:01:22]} a6 {[%emt 0:00:23]} 8. Bc4 {[%emt 0:00:38]} e6 {[%emt 0:01:01]} 9. d3 {[%emt 0:04:33]} Nge7 {[%emt 0:02:06]} 10. Qe1 {[%emt 0:02:23]} Nd4 {[%emt 0:03:56]} 11. Nxd4 {[%emt 0:01:06]} Bxd4+ {[%emt 0:00:15]} 12. Kh1 {[%emt 0:03:32]} Bg7 {[%emt 0:05:23]} 13. Qg3 {[%emt 0:07:26]} O-O {[%emt 0:29:36]} 14. f5 {[%emt 0:14:17]} gxf5 {[%emt 0:14:57]} 15. Bg5 {[%emt 0:13:20]} f6 {[%emt 0:09:14]} 16. Bh6 {[%emt 0:01:28]} Ng6 {[%emt 0:01:15]} 17. Bxg7 {[%emt 0:01:18]} Kxg7 {[%emt 0:00:12]} 18. exf5 {[%emt 0:00:24]} exf5 {[%emt 0:00:34]} 19. Qxd6 {[%emt 0:01:18]} Qe7 {[%emt 0:08:56]} 20. Qxe7+ {[%emt 0:05:45]} Nxe7 {[%emt 0:00:14]} 21. Rae1 {[%emt 0:00:59]} Nc6 {[%emt 0:00:51]} 22. Nd5 {[%emt 0:04:38]} Ne5 {[%emt 0:08:05]} 23. Nb6 {[%emt 0:05:56]} Rad8 {[%emt 0:00:16]} 24. Nxd7 {[%emt 0:00:55]} Rxd7 {[%emt 0:00:08]} 25. Be6 {[%emt 0:00:36]} Rd4 {[%emt 0:01:58]} 26. b3 {[%emt 0:00:56]} f4 {[%emt 0:02:01]} 27. Bf5 {[%emt 0:02:01]} b5 {[%emt 0:03:02]} 28. axb5 {[%emt 0:00:57]} axb5 {[%emt 0:12:01]} 29. Ra1 {[%emt 0:11:38]} c4 {[%emt 0:00:00]} 30. c3 {[%emt 0:03:26]} Rdd8 {[%emt 0:00:00]} 31. d4 {[%emt 0:01:00]} Ng6 {[%emt 0:00:00]} 32. bxc4 {[%emt 0:08:42]} bxc4 {[%emt 0:00:00]} 33. Ra4 {[%emt 0:01:35]} Rd5 {[%emt 0:00:00]} 34. Be6 {[%emt 0:06:40]} Rg5 {[%emt 0:00:05]} 35. Rxc4 {[%emt 0:02:34]} f3 {[%emt 0:01:47]} 36. Rxf3 {[%emt 0:01:11]} Re8 {[%emt 0:00:21]} 37. Rc7+ {[%emt 0:00:24]} Kh8 {[%emt 0:00:48]} 38. Rc8 {[%emt 0:00:39]} Rxc8 {[%emt 0:01:27]} 39. Bxc8 {[%emt 0:00:01]} Ra5 {[%emt 0:00:49]} 40. g3 {[%emt 0:00:51]} Ne7 {[%emt 0:00:26]} 41. Be6 {[%emt 0:07:49]} Ra6 {[%emt 0:04:53]} 42. d5 {[%emt 0:01:51]} Kg7 {[%emt 0:01:45]} 43. c4 {[%emt 0:01:10]} Ra5 {[%emt 0:01:15]} 44. Rb3 {[%emt 0:01:23]} Ra7 {[%emt 0:01:14]} 45. Rb6 {[%emt 0:02:12]} Ng6 {[%emt 0:03:26]} 46. c5 {[%emt 0:02:12]} h5 {[%emt 0:00:54]} 47. c6 {[%emt 0:00:39]} Ra1+ {[%emt 0:00:33]} 48. Kg2 {[%emt 0:00:06]} Ra2+ {[%emt 0:00:52]} 49. Kg1 {[%emt 0:01:41]} Ra1+ {[%emt 0:00:10]} 50. Kf2 {[%emt 0:00:06]} Ne5 {[%emt 0:00:22]} 51. c7 {[%emt 0:01:47]} Ra2+ {[%emt 0:00:07]} 52. Kf1 {[%emt 0:00:13]} Ra1+ {[%emt 0:01:49]} 53. Ke2 {[%emt 0:00:06]} Rc1 {[%emt 0:00:18]} 54. c8=Q {[%emt 0:00:16]} Rxc8 {[%emt 0:00:16]} 55. Bxc8 {[%emt 0:00:05]} Nc4 {[%emt 0:00:14]} 56. Ra6 {[%emt 0:00:35]} Ne5 {[%emt 0:00:32]} 57. Bf5 {[%emt 0:00:58]} Kh6 {[%emt 0:00:28]} 58. d6 {[%emt 0:01:41]} Kg5 {[%emt 0:00:12]} 59. d7 {[%emt 0:00:06]} Nxd7 {[%emt 0:00:10]} 60. Bxd7 {[%emt 0:00:07]} h4 {[%emt 0:00:17]} 61. gxh4+ {[%emt 0:00:16]} Kxh4 {[%emt 0:00:10]} 62. Rxf6 {[%emt 0:00:16]} Kg5 {[%emt 0:00:11]} 63. Rf1 {[%emt 0:00:19]} Kg6 {[%emt 0:00:13]} 64. Ke3 {[%emt 0:00:15]} Kg5 {[%emt 0:00:24]} 65. Ke4 {[%emt 0:00:15]} Kg6 {[%emt 0:00:08]} 66. Ke5 {[%emt 0:00:08]} Kg7 {[%emt 0:00:10]} 67. Ke6 {[%emt 0:00:08]} Kg6 {[%emt 0:00:14]} 68. Rg1+ {[%emt 0:00:04]} Kh5 {[%emt 0:00:20]} 69. Rg3 {[%emt 0:00:23]} Kh6 {[%emt 0:00:21]} 70. Kf5 {[%emt 0:00:12]} Kh7 {[%emt 0:00:17]} 71. Kf6 {[%emt 0:00:06]} Kh8 {[%emt 0:00:52]} 72. Kf7 {[%emt 0:00:05]} Kh7 {[%emt 0:00:11]} 73. Rh3# {[%emt 0:00:40] Kg7+} 1-0

[Event "95th Caplin Hastings Congress"]
[Site "Hastings"]
[Date "2019.12.28"]
[Round "1.53"]
[White "Kumar, Soham"]
[Black "Byrn, Carsten"]
[Result "1-0"]
[WhiteElo "1512"]
[BlackElo "1919"]
[Annotator "NA"]
[PlyCount "87"]
[EventDate "2019.12.28"]
[EventType "swiss"]
[EventCountry "ENG"]
[SourceTitle "playchess.com"]
[Source "ChessBase"]
[SourceQuality "1"]
[TimeControl "40/6600+30:3000+30"]

1. e4 {[%emt 0:09:33]} c5 {[%emt 0:09:31]} 2. Nf3 {[%emt 0:00:10]} e6 {[%emt 0:00:17]} 3. d4 {[%emt 0:01:09]} cxd4 {[%emt 0:00:03]} 4. Nxd4 {[%emt 0:00:10]} Nf6 {[%emt 0:00:07]} 5. Bd3 {[%emt 0:01:01]} Nc6 {[%emt 0:00:11]} 6. Be3 {[%emt 0:00:33]} d5 {[%emt 0:01:25]} 7. Nd2 {[%emt 0:11:16]} e5 {[%emt 0:08:36]} 8. N4b3 {[%emt 0:04:47]} d4 {[%emt 0:02:28]} 9. Bg5 {[%emt 0:00:57]} a5 {[%emt 0:00:25]} 10. Nc4 {[%emt 0:02:33]} a4 {[%emt 0:02:51]} 11. Nbd2 {[%emt 0:00:11]} b5 {[%emt 0:02:52]} 12. Na3 {[%emt 0:00:36]} b4 {[%emt 0:03:24]} 13. Nac4 {[%emt 0:00:53]} Be7 {[%emt 0:02:27]} 14. O-O {[%emt 0:01:56]} Bg4 {[%emt 0:03:49]} 15. f3 {[%emt 0:01:43]} Be6 {[%emt 0:00:28]} 16. Qe1 {[%emt 0:02:20]} h6 {[%emt 0:04:46]} 17. Bh4 {[%emt 0:00:23]} g5 {[%emt 0:02:32]} 18. Bg3 {[%emt 0:00:19]} Nd7 {[%emt 0:00:33]} 19. c3 {[%emt 0:05:44]} bxc3 {[%emt 0:02:04]} 20. bxc3 {[%emt 0:00:12]} dxc3 {[%emt 0:00:32]} 21. Nb1 {[%emt 0:00:11]} f6 {[%emt 0:05:01]} 22. Nxc3 {[%emt 0:00:57]} Nc5 {[%emt 0:01:33]} 23. Be2 {[%emt 0:01:13]} Bxc4 {[%emt 0:00:56]} 24. Bxc4 {[%emt 0:00:11]} Qd4+ {[%emt 0:00:18]} 25. Kh1 {[%emt 0:01:43]} Qxc4 {[%emt 0:02:47]} 26. Nd5 {[%emt 0:00:10]} Rb8 {[%emt 0:09:34]} 27. Rc1 {[%emt 0:00:46]} Qd4 {[%emt 0:09:16]} 28. Bf2 {[%emt 0:02:20]} Nd3 {[%emt 0:02:45]} 29. Bxd4 {[%emt 0:02:07]} Nxe1 {[%emt 0:00:05]} 30. Rxc6 {[%emt 0:00:16]} exd4 {[%emt 0:00:27]} 31. Rxe1 {[%emt 0:00:13]} Kf7 {[%emt 0:01:33]} 32. Rc7 {[%emt 0:02:41]} Rhe8 {[%emt 0:00:02]} 33. g3 {[%emt 0:03:25]} Rb2 {[%emt 0:00:53]} 34. Rd1 {[%emt 0:03:05]} Rxa2 {[%emt 0:01:50]} 35. Rxd4 {[%emt 0:00:19]} Kf8 {[%emt 0:00:30]} 36. Nc3 {[%emt 0:02:33]} Ra1+ {[%emt 0:01:06]} 37. Kg2 {[%emt 0:00:03]} a3 {[%emt 0:00:45]} 38. Ra4 {[%emt 0:00:40]} Rb8 {[%emt 0:01:44]} 39. Raa7 {[%emt 0:02:12]} Bd6 {[%emt 0:05:39]} 40. Rf7+ {[%emt 0:00:11]} Kg8 {[%emt 0:00:40]} 41. Rg7+ {[%emt 0:51:47]} Kh8 {[%emt 0:50:17]} 42. Nd5 {[%emt 0:01:52]} Rf8 {[%emt 0:01:43]} 43. Rh7+ {[%emt 0:00:09]} Kg8 {[%emt 0:00:06]} 44. Rag7# {[%emt 0:00:37]} 1-0

[Event "95th Caplin Hastings Congress"]
[Site "Hastings"]
[Date "2019.12.28"]
[Round "1.54"]
[White "Jukes, Sam"]
[Black "Stoyanov, Boris"]
[Result "1-0"]
[WhiteElo "1906"]
[BlackElo "1504"]
[Annotator "NA"]
[PlyCount "41"]
[EventDate "2019.12.28"]
[EventType "swiss"]
[EventCountry "ENG"]
[SourceTitle "playchess.com"]
[Source "ChessBase"]
[SourceQuality "1"]
[TimeControl "40/6600+30:3000+30"]

1. e4 {[%emt 0:09:35]} c5 {[%emt 0:09:33]} 2. Nf3 {[%emt 0:00:06]} g6 {[%emt 0:00:06]} 3. h4 {[%emt 0:00:26]} Bg7 {[%emt 0:02:42]} 4. h5 {[%emt 0:02:37]} e6 {[%emt 0:03:00]} 5. d4 {[%emt 0:04:14]} gxh5 {[%emt 0:07:00]} 6. Nc3 {[%emt 0:06:54]} cxd4 {[%emt 0:12:45]} 7. Nxd4 {[%emt 0:01:09]} Qb6 {[%emt 0:08:15]} 8. Ndb5 {[%emt 0:05:15]} Bxc3+ {[%emt 0:08:50]} 9. bxc3 {[%emt 0:01:06]} Nf6 {[%emt 0:12:47]} 10. Nd6+ {[%emt 0:01:01]} Ke7 {[%emt 0:04:40]} 11. Ba3 {[%emt 0:03:33]} Kd8 {[%emt 0:11:15]} 12. Nxf7+ {[%emt 0:02:46]} Ke8 {[%emt 0:00:38]} 13. Nxh8 {[%emt 0:01:06]} Nxe4 {[%emt 0:00:49]} 14. Qxh5+ {[%emt 0:00:17]} Kd8 {[%emt 0:00:45]} 15. Nf7+ {[%emt 0:00:51]} Kc7 {[%emt 0:00:21]} 16. Qe5+ {[%emt 0:00:45]} d6 {[%emt 0:00:23]} 17. Qxe4 {[%emt 0:00:13]} Qa5 {[%emt 0:01:38]} 18. Bxd6+ {[%emt 0:00:30]} Kd7 {[%emt 0:00:27]} 19. Bb4 {[%emt 0:02:43]} Qb6 {[%emt 0:03:43]} 20. O-O-O+ {[%emt 0:00:32]} Kc7 {[%emt 0:01:09]} 21. Qe5+ {[%emt 0:00:16]} 1-0

[Event "95th Caplin Hastings Congress"]
[Site "Hastings"]
[Date "2019.12.28"]
[Round "1.55"]
[White "Kumar, Sanjit S"]
[Black "Jennings, Richard"]
[Result "1-0"]
[WhiteElo "1501"]
[BlackElo "1903"]
[Annotator "NA"]
[PlyCount "61"]
[EventDate "2019.12.28"]
[EventType "swiss"]
[EventCountry "ENG"]
[SourceTitle "playchess.com"]
[Source "ChessBase"]
[SourceQuality "1"]
[TimeControl "40/6600+30:3000+30"]

1. e4 {[%emt 1:48:43]} c5 {[%emt 0:00:25]} 2. Nf3 {[%emt 0:00:25]} d6 {[%emt 0:00:17]} 3. d4 {[%emt 0:00:13]} cxd4 {[%emt 0:00:07]} 4. Nxd4 {[%emt 0:00:36]} Nf6 {[%emt 0:00:25]} 5. Nc3 {[%emt 0:00:17]} a6 {[%emt 0:00:07]} 6. Be2 {[%emt 0:00:22]} e5 {[%emt 0:00:30]} 7. Nb3 {[%emt 0:00:16]} Be7 {[%emt 0:01:20]} 8. O-O {[%emt 0:00:18]} O-O {[%emt 0:03:39]} 9. Be3 {[%emt 0:00:39]} Be6 {[%emt 0:11:14]} 10. f4 {[%emt 0:03:39]} b5 {[%emt 0:03:29]} 11. f5 {[%emt 0:04:59]} Bxb3 {[%emt 0:06:36]} 12. axb3 {[%emt 0:00:25]} Nbd7 {[%emt 0:01:10]} 13. Nd5 {[%emt 0:08:19]} Nxd5 {[%emt 0:03:27]} 14. Qxd5 {[%emt 0:00:22]} Nf6 {[%emt 0:05:02]} 15. Qd3 {[%emt 0:09:09]} d5 {[%emt 0:09:21]} 16. exd5 {[%emt 0:14:17]} Nxd5 {[%emt 0:04:52]} 17. c4 {[%emt 0:14:20]} Nxe3 {[%emt 0:06:47]} 18. Qxe3 {[%emt 0:00:39]} Qc7 {[%emt 0:01:53]} 19. Kh1 {[%emt 0:00:30]} b4 {[%emt 0:03:51]} 20. Bf3 {[%emt 0:02:58]} Ra7 {[%emt 0:03:06]} 21. Bd5 {[%emt 0:01:47]} Qc5 {[%emt 0:19:35]} 22. Qxe5 {[%emt 0:03:54]} Bd6 {[%emt 0:00:42]} 23. Qe2 {[%emt 0:05:51]} Re7 {[%emt 0:00:17]} 24. Qg4 {[%emt 0:02:37]} Re5 {[%emt 0:06:00]} 25. Rad1 {[%emt 0:11:52]} Rfe8 {[%emt 0:03:29]} 26. f6 {[%emt 0:01:14]} g5 {[%emt 0:11:00]} 27. Bxf7+ {[%emt 0:03:54]} Kxf7 {[%emt 0:00:44]} 28. Qd7+ {[%emt 0:01:15]} Kg6 {[%emt 0:03:34]} 29. Qg7+ {[%emt 0:00:13]} Kh5 {[%emt 0:00:47]} 30. Qxh7+ {[%emt 0:00:06]} Kg4 {[%emt 0:00:18]} 31. Qh3# {[%emt 0:00:05]} 1-0

[Event "95th Caplin Hastings Congress"]
[Site "Hastings"]
[Date "2019.12.28"]
[Round "1.56"]
[White "Faulks, Nick"]
[Black "Ratnesan, Radha"]
[Result "1-0"]
[WhiteElo "1900"]
[BlackElo "1477"]
[Annotator "NA"]
[PlyCount "81"]
[EventDate "2019.12.28"]
[EventType "swiss"]
[EventCountry "ENG"]
[SourceTitle "playchess.com"]
[Source "ChessBase"]
[SourceQuality "1"]
[TimeControl "40/6600+30:3000+30"]

1. e4 {[%emt 1:48:40]} e6 {[%emt 0:00:13]} 2. d4 {[%emt 0:00:06]} d5 {[%emt 0:00:06]} 3. Nc3 {[%emt 0:00:04]} Bb4 {[%emt 0:00:06]} 4. e5 {[%emt 0:00:10]} c5 {[%emt 0:00:05]} 5. a3 {[%emt 0:00:14]} Bxc3+ {[%emt 0:00:11]} 6. bxc3 {[%emt 0:00:05]} Ne7 {[%emt 0:00:08]} 7. h4 {[%emt 0:00:52]} Qc7 {[%emt 0:00:25]} 8. h5 {[%emt 0:00:37]} cxd4 {[%emt 0:01:08]} 9. cxd4 {[%emt 0:09:09]} Qc3+ {[%emt 0:01:09]} 10. Bd2 {[%emt 0:00:17]} Qxd4 {[%emt 0:00:43]} 11. Nf3 {[%emt 0:00:16]} Qe4+ {[%emt 0:01:37]} 12. Be2 {[%emt 0:03:23]} Nf5 {[%emt 0:02:00]} 13. Kf1 {[%emt 0:03:54]} b6 {[%emt 0:13:57]} 14. Bb5+ {[%emt 0:08:32]} Kf8 {[%emt 0:12:57]} 15. h6 {[%emt 0:07:56]} gxh6 {[%emt 0:02:32]} 16. Bb4+ {[%emt 0:03:52]} Kg7 {[%emt 0:05:13]} 17. g4 {[%emt 0:01:52]} Nd4 {[%emt 0:02:33]} 18. Qxd4 {[%emt 0:04:31]} Qxf3 {[%emt 0:01:20]} 19. Rh5 {[%emt 0:13:56]} Ba6 {[%emt 0:16:07]} 20. a4 {[%emt 0:10:44]} Nc6 {[%emt 0:05:25]} 21. Qd2 {[%emt 0:01:05]} f6 {[%emt 0:17:00]} 22. Ra3 {[%emt 0:04:43]} Qxg4 {[%emt 0:03:14]} 23. Rg3 {[%emt 0:00:31]} Qxg3 {[%emt 0:00:16]} 24. fxg3 {[%emt 0:01:52]} Bxb5+ {[%emt 0:00:14]} 25. axb5 {[%emt 0:00:17]} Nxb4 {[%emt 0:00:18]} 26. exf6+ {[%emt 0:02:28]} Kxf6 {[%emt 0:00:38]} 27. Qf4+ {[%emt 0:02:18]} Ke7 {[%emt 0:05:47]} 28. Qxb4+ {[%emt 0:00:11]} Kd7 {[%emt 0:00:18]} 29. Rxh6 {[%emt 0:00:46]} Rac8 {[%emt 0:01:31]} 30. Qg4 {[%emt 0:01:29]} Rhf8+ {[%emt 0:06:01]} 31. Kg1 {[%emt 0:00:35]} Rce8 {[%emt 0:01:13]} 32. Rxh7+ {[%emt 0:01:11]} Re7 {[%emt 0:00:23]} 33. Rxe7+ {[%emt 0:00:39]} Kxe7 {[%emt 0:00:05]} 34. Qb4+ {[%emt 0:00:38]} Kf7 {[%emt 0:00:30]} 35. Qa4 {[%emt 0:01:08]} Ra8 {[%emt 0:01:52]} 36. Qf4+ {[%emt 0:00:26]} Ke7 {[%emt 0:01:00]} 37. Qc7+ {[%emt 0:00:20]} Kf6 {[%emt 0:00:11]} 38. Kg2 {[%emt 0:00:58]} a6 {[%emt 0:01:49]} 39. Qb7 {[%emt 0:00:32]} Rd8 {[%emt 0:00:29]} 40. bxa6 {[%emt 0:00:16]} d4 {[%emt 0:00:52]} 41. a7 {[%emt 0:00:14]} 1-0